[Event "Dyfed op 49th"]
[Site "Fishguard"]
[Date "2020.02.14"]
[Round "1"]
[White "Young, Alan J"]
[Black "Jones, Martin C"]
[Result "1-0"]
[WhiteElo "2051"]
[BlackElo "1745"]
[PlyCount "69"]
[EventDate "2020.02.14"]
[EventType "swiss"]
[EventRounds "5"]
[EventCountry "WLS"]
[SourceTitle "EXT 2022"]
[Source "ChessBase"]
[SourceDate "2021.10.06"]
[SourceVersion "1"]
[SourceVersionDate "2021.10.06"]
[SourceQuality "1"]

1. e4 c5 2. Nf3 e6 3. d4 cxd4 4. Nxd4 a6 5. Nc3 Qc7 6. g3 Nc6 7. Bg2 Bc5 8. Nb3 Be7 9. 0-0 Nf6 10. Be3 d6 11. a4 b6 12. f4 Bb7 13. Kh1 Rd8 14. Qe2 0-0 15. Rad1 Nb4 16. Bg1 Nd7 17. Rd2 Nc5 18. Nd4 Qd7 19. b3 Rc8 20. e5 Bxg2+ 21. Qxg2 d5 22. f5 Nxb3 23. cxb3 Rxc3 24. f6 Bc5 25. Qh3 Nd3 26. fxg7 Rc8 27. Nf3 Qe7 28. Qh5 f5 29. exf6 Qxf6 30. Ng5 Qg6 31. Qxg6 hxg6 32. Nxe6 Rc1 33. Rxc1 Nxc1 34. Bxc5 bxc5 35. Rf2 1-0

[Event "South Wales Autumn Premier"]
[Site "Newport"]
[Date "2018.11.17"]
[Round "3"]
[White "Jones, Martin C"]
[Black "Macarthur, Duncan M"]
[Result "1/2-1/2"]
[WhiteElo "1761"]
[BlackElo "1742"]
[PlyCount "28"]
[EventDate "2018.11.16"]
[EventType "swiss"]
[EventRounds "5"]
[EventCountry "WLS"]
[SourceTitle "EXT 2020"]
[Source "ChessBase"]
[SourceDate "2019.10.17"]
[SourceVersion "1"]
[SourceVersionDate "2019.10.17"]
[SourceQuality "1"]

1. e4 c6 2. d4 d5 3. Nc3 dxe4 4. Nxe4 Nd7 5. Nf3 Ngf6 6. Bd3 Nxe4 7. Bxe4 Nf6 8. Bd3 Bg4 9. c3 e6 10. h3 Bh5 11. g4 Bg6 12. Bf4 Bd6 13. Bxd6 Qxd6 14. Qe2 Bxd3 1/2-1/2

[Event "Dyfed op"]
[Site "Fishguard"]
[Date "2017.02.26"]
[Round "5"]
[White "Jones, Martin C"]
[Black "Waterfield, John"]
[Result "1/2-1/2"]
[WhiteElo "1733"]
[BlackElo "1968"]
[PlyCount "81"]
[EventDate "2017.02.24"]
[EventType "swiss"]
[EventRounds "5"]
[EventCountry "WLS"]
[SourceTitle "EXT 2019"]
[Source "ChessBase"]
[SourceDate "2018.10.10"]
[SourceVersion "1"]
[SourceVersionDate "2018.10.10"]
[SourceQuality "1"]

1. d4 Nf6 2. Bg5 c5 3. Bxf6 gxf6 4. d5 Qb6 5. Qc1 f5 6. c4 Bh6 7. e3 0-0 8. Nh3 e5 9. dxe6 fxe6 10. Nc3 Nc6 11. Be2 d6 12. 0-0 Bd7 13. Rd1 Ne5 14. Qd2 Rad8 15. Qxd6 Qxb2 16. Qxe5 Bg7 17. Qg3 Qxc3 18. Nf4 Qe5 19. h4 Ba4 20. Re1 Rd2 21. Rab1 b6 22. h5 Kh8 23. Bd1 Bc6 24. Bb3 Bf6 25. Qh3 Rd7 26. Rbd1 Rfd8 27. Rxd7 Rxd7 28. h6 Rd8 29. Qh5 Be8 30. Qf3 Bg5 31. Rd1 Rxd1+ 32. Qxd1 Kg8 33. Ba4 Bxa4 34. Qxa4 Kf8 35. Qxa7 Bxf4 36. exf4 Qe1+ 37. Kh2 Qxf2 38. Qg7+ Ke8 39. Qg8+ Kd7 40. Qxh7+ Kd6 41. Qg7 1/2-1/2

[Event "Dyfed op"]
[Site "Fishguard"]
[Date "2017.02.26"]
[Round "4"]
[White "Van Kemenade, Rudy"]
[Black "Jones, Martin C"]
[Result "0-1"]
[WhiteElo "1947"]
[BlackElo "1733"]
[PlyCount "39"]
[EventDate "2017.02.24"]
[EventType "swiss"]
[EventRounds "5"]
[EventCountry "WLS"]
[SourceTitle "EXT 2019"]
[Source "ChessBase"]
[SourceDate "2018.10.10"]
[SourceVersion "1"]
[SourceVersionDate "2018.10.10"]
[SourceQuality "1"]

1. f4 e5 2. e4 Bc5 3. Nf3 d6 4. c3 Nf6 5. d4 exd4 6. cxd4 Bb6 7. Nc3 0-0 8. Bd3 Bg4 9. e5 Re8 10. Ne2 Bxf3 11. gxf3 dxe5 12. dxe5 Nd5 13. Be4 Qh4+ 14. Ng3 c6 15. Bxd5 cxd5 16. Qxd5 Nc6 17. Bd2 Rad8 18. Qe4 Rd4 19. Qe2 Rxd2 20. Qxd2 0-1

[Event "Dyfed op 45th"]
[Site "Fishguard"]
[Date "2016.02.26"]
[Round "1"]
[White "Jones, Martin C"]
[Black "Bourne, Johnathan"]
[Result "0-1"]
[WhiteElo "1696"]
[BlackElo "2009"]
[PlyCount "70"]
[EventDate "2016.02.26"]
[EventType "swiss"]
[EventRounds "5"]
[EventCountry "WLS"]
[SourceTitle "EXT 2018"]
[Source "ChessBase"]
[SourceDate "2017.10.13"]
[SourceVersion "1"]
[SourceVersionDate "2017.10.13"]
[SourceQuality "1"]

1. d4 Nf6 2. Bg5 e6 3. e4 h6 4. Bxf6 Qxf6 5. Nc3 Bb4 6. Nf3 c5 7. e5 Qd8 8. a3 Bxc3+ 9. bxc3 d5 10. Bb5+ Bd7 11. a4 a6 12. Bxd7+ Qxd7 13. 0-0 Nc6 14. Qd3 c4 15. Qe3 0-0-0 16. Rfb1 f5 17. Rb6 Qe7 18. Rab1 Rd7 19. Qc1 g5 20. Qb2 Rc7 21. Nd2 h5 22. Rd1 f4 23. Nb1 g4 24. Qa3 Qxa3 25. Nxa3 Rf8 26. Rbb1 f3 27. Re1 fxg2 28. Re3 Rcf7 29. Kxg2 Rxf2+ 30. Kg1 R8f3 31. Rbe1 Ne7 32. Rxf3 Rxf3 33. Nb1 Nf5 34. Re2 Kd7 35. Kg2 Ne3+ 0-1